00724nam a2200193 i 450000100060000000300090000600500170001500700030003200800410003510000380007624501290011425000200024326000460026330000220030970000280033185200320035999900170039195201220040850403ES-MaACL20230906162156.0t|030804s1973 sp ||||1| spa d1 aCuadra Echaide, Pilar de.915752710aPerfil y pulso de Guipúzcoa b: pinacoteca lírica / cPilar de Cuadra Etxaide ; traducido al euskera por Pedro Berrondo. aEd. bilingüe. aSan Sebastián : bAuñamendi, c[1973] a113 p. ; c19 cm.1 aBerrondo, Pedro.928395 aES-MaACLjC-53087 bR.85392 c50403d50403 00104070aATENEOMbATENEOMcDEPO2d2008-01-17eSCl0oC-53087p1053016r2023-02-23 00:00:00w2023-02-23yMONOGRAFIA